| Tag |
First Indicator |
Second Indicator |
Subfields |
| LEADER |
00000cem a2200000Ia 4500 |
| 001 |
in00002438921 |
| 005 |
20211202185443.0 |
| 006 |
m d f |
| 007 |
aj cznzn |
| 007 |
cr cn||||||||| |
| 008 |
080903s2000 dcua a fs 0 eng d |
| 034 |
1 |
|
|a a
|b 24000
|
| 035 |
|
|
|a (OCoLC)ocn244830889
|
| 040 |
|
|
|a GPO
|c GPO
|d GPO
|d MvI
|d UtOrBLW
|
| 043 |
|
|
|a n-us-nm
|
| 049 |
|
|
|a WWW
|
| 052 |
|
|
|a 4321
|
| 074 |
|
|
|a 0651-A (online)
|
| 086 |
0 |
|
|a I 29.8:C 33/21/B 4 A
|
| 110 |
2 |
|
|a Interagency Burned Area Emergency Response Team (U.S.)
|
| 245 |
1 |
0 |
|a Cerro Grande fire, watershed treatments map (B4A) :
|b interagency burned area emergency rehabilitation /
|c map produced by Interagency BAER Team.
|
| 246 |
3 |
0 |
|a Watershed treatments map (B4A)
|
| 255 |
|
|
|a Scale 1:24,000.
|
| 264 |
|
1 |
|a [Washington, D.C.] :
|b U.S. Dept. of the Interior, National Park Service,
|c [2000]
|
| 300 |
|
|
|a 1 electronic map :
|b JPEG file.
|
| 336 |
|
|
|a cartographic image
|b cri
|2 rdacontent
|
| 337 |
|
|
|a computer
|b c
|2 rdamedia
|
| 338 |
|
|
|a online resource
|b cr
|2 rdacarrier
|
| 500 |
|
|
|a Relief shown by contours.
|
| 538 |
|
|
|a Mode of access: Intenet from the Los Alamos National Laboratory web site. Address as of 9/3/08: http://cgrp-gis.lanl.gov/catalog/downloads/baer/maps/baer%5Fjpeg/watershed%5Ftx%5F24k%5Fb4a.jpeg ; current access via PURL.
|
| 500 |
|
|
|a Title from title screen (viewed on Sept. 3, 2008).
|
| 500 |
|
|
|a "06/05/00 2000 SDL/RSB."
|
| 500 |
|
|
|a Includes location map.
|
| 500 |
|
|
|a Electronic resource.
|
| 650 |
|
0 |
|a Watershed management
|z New Mexico
|v Maps.
|
| 650 |
|
0 |
|a Wildfires
|z New Mexico
|v Maps.
|
| 651 |
|
0 |
|a Cerro Grande (N.M.)
|v Maps.
|
| 710 |
1 |
|
|a United States.
|b National Park Service.
|
| 856 |
4 |
0 |
|u https://purl.fdlp.gov/GPO/LPS100779
|t 0
|
| 999 |
|
|
|a MARS
|
| 999 |
f |
f |
|s 48cd04f9-8933-3b72-8c55-0e3e17d390ee
|i e0aa3ea8-5178-3387-b625-bad5dc3e50bc
|t 0
|
| 952 |
f |
f |
|a Texas A&M University
|b College Station
|c Electronic Resources
|d Available Online
|t 0
|e I 29.8:C 33/21/B 4 A
|h Superintendent of Documents classification
|
| 998 |
f |
f |
|a I 29.8:C 33/21/B 4 A
|t 0
|l Available Online
|